000 00481nam a2200217 454500
001 059300
003 BD-ChCU
008 Eng
020 _a0631196668
040 _aDLC
_cDLC
_dBD-ChCU
082 0 0 _a323/P766
100 1 _ax
_bx
245 1 0 _aPolitics and human rights
_bx
250 _ax
260 _aOxford
_bBlackwell
_c1995
300 _a224
504 _aIncludes
650 0 _aCivil rights
_bPolitical science
700 1 _aBeetham, David
942 _2ddc
_cBK
999 _c59300
_d59300